=LDR 00000nam 2200000 4500 =001 INLIS000000000016563 =005 20130612111836 =008 ***********************************Ind** =035 ##$$0010-061300000016563 =041 ##$$a Ind =082 ##$$a 398.9 =090 ##$$a 398.9, Riz t =100 ##$$a Rizal, Yoze =245 ##$$a 3200 peribahasa Indonesia untuk tingkat SMU, Yose Rizal =260 ##$$a 2003 $b Bandung =300 ##$$a v, 360 hlm, 21 cm =650 ##$$a Peribahasa =850 ##$$a NBPNMAT